[Event "Titled Tue 17th Jun Late"]
[Site "chess.com INT"]
[Date "2025.06.17"]
[Round "7"]
[White "Mai, Alexander Oliver"]
[Black "Abdou Ahmed Alem"]
[Result "1-0"]
[WhiteTitle "CM"]
[BlackTitle "CM"]
[WhiteElo "2171"]
[BlackElo "2002"]
[WhiteFideId "2313391"]
[BlackFideId "19603720"]
[EventDate "2025.06.17"]

1. e4 Nc6 2. Nf3 d6 3. d4 Nf6 4. Nc3 Bg4 5. Be2 e6 6. Be3 Be7 7. O-O O-O 8. h3
Bh5 9. d5 exd5 10. exd5 Bxf3 11. Bxf3 Ne5 12. Be2 a6 13. a4 b6 14. f4 Ned7 15.
Bf3 a5 16. Qd2 Nc5 17. Rae1 Re8 18. Bd4 Qd7 19. Kh2 Nxa4 20. Nxa4 Qxa4 21. g4
Nd7 22. Re4 Bf6 23. b3 Qb5 24. Rfe1 Rxe4 25. Rxe4 Bxd4 26. Qxd4 Nc5 27. Re7 Re8
28. c4 Rxe7 29. cxb5 Nxb3 30. Qd3 Nc5 31. Qf5 g6 32. Qc8+ Kg7 33. f5 Re3 34. Kg2
a4 35. Qd8 a3 36. f6+ Kh6 37. h4 Ne4 38. Qf8# 1-0

[Event "Titled Tue 17th Jun Late"]
[Site "chess.com INT"]
[Date "2025.06.17"]
[Round "7"]
[White "Ratkovic, Miloje"]
[Black "Sadykov, Ramil"]
[Result "0-1"]
[WhiteTitle "GM"]
[BlackTitle "FM"]
[WhiteElo "2489"]
[BlackElo "2264"]
[WhiteFideId "914517"]
[BlackFideId "24113590"]
[EventDate "2025.06.17"]

1. Nf3 Nf6 2. g3 g6 3. Bg2 Bg7 4. O-O O-O 5. d4 d5 6. Nbd2 c5 7. c4 cxd4 8. Nxd4
e5 9. N4b3 d4 10. c5 Nc6 11. Nc4 Be6 12. Nd6 Qd7 13. e3 Nd5 14. exd4 exd4 15.
Re1 Rab8 16. Bg5 h6 17. Bd2 b6 18. Ne4 Rfd8 19. Rc1 Ndb4 20. Bxb4 Nxb4 21. c6
Qc7 22. a3 Na6 23. Nbd2 Bd5 24. b4 f5 25. Nc5 bxc5 26. Bxd5+ Rxd5 27. Qb3 Qxc6
28. Re7 Rb7 29. Rxb7 Qxb7 30. b5 c4 31. Nxc4 Qxb5 32. Qa2 Kh7 33. Rb1 Qc6 34.
Nd2 Rc5 35. Qf7 Qc7 36. Qe8 Rc1+ 37. Rxc1 Qxc1+ 38. Nf1 Nc5 39. Qd7 Nxd7 0-1

[Event "Titled Tue 17th Jun Late"]
[Site "chess.com INT"]
[Date "2025.06.17"]
[Round "7"]
[White "Shukhman, Anna"]
[Black "Nayak, Rajesh"]
[Result "1-0"]
[WhiteTitle "WGM"]
[BlackTitle "FM"]
[WhiteElo "2413"]
[BlackElo "2262"]
[WhiteFideId "54180058"]
[BlackFideId "35017152"]
[EventDate "2025.06.17"]

1. e4 c5 2. Nf3 d6 3. d4 cxd4 4. Nxd4 Nf6 5. Nc3 g6 6. Be3 Bg7 7. f3 O-O 8. Qd2
Nc6 9. O-O-O Nxd4 10. Bxd4 Be6 11. Kb1 Qc7 12. h4 Rfc8 13. g4 Qa5 14. Nd5 Qxd2
15. Nxf6+ Bxf6 16. Rxd2 Bxd4 17. Rxd4 Kg7 18. Be2 Kf6 19. f4 Rc5 20. g5+ Kg7 21.
h5 h6 22. hxg6 hxg5 23. f5 Bxa2+ 24. Kxa2 fxg6 25. fxg6 Rxc2 26. Bd3 Rd2 27.
Rh7+ Kxg6 28. Rxe7 Kf6 29. Rd7 Ke5 30. Rd5+ Kf4 31. R7xd6 g4 32. Bf1 Rh2 33. e5
g3 34. Rg6 Rc8 35. Bd3 Rd2 36. e6 Rc6 37. Rf5+ Ke3 38. Rxg3+ Kd4 39. Rf4+ Ke5
40. Re4+ Kd6 41. e7 Rb6 42. e8=Q Rbxb2+ 43. Ka1 Ra2+ 44. Kb1 Rdb2+ 45. Kc1 1-0

[Event "Titled Tue 17th Jun Late"]
[Site "chess.com INT"]
[Date "2025.06.17"]
[Round "7"]
[White "Wagner, Dennis"]
[Black "Terkiewicz, Bruno"]
[Result "0-1"]
[WhiteTitle "GM"]
[BlackTitle "CM"]
[WhiteElo "2619"]
[BlackElo "2183"]
[WhiteFideId "24650684"]
[BlackFideId "21093245"]
[EventDate "2025.06.17"]

1. e4 c6 2. d4 d5 3. Nc3 dxe4 4. Nxe4 Bf5 5. Ng3 Bg6 6. h4 h6 7. Nf3 e6 8. Ne5
Bh7 9. Bd3 Bxd3 10. Qxd3 Nd7 11. Qe2 Ngf6 12. O-O Nxe5 13. dxe5 Nd7 14. Qe4 Qc7
15. Bf4 Be7 16. h5 O-O-O 17. a4 Bg5 18. Bxg5 hxg5 19. Rfe1 Rde8 20. Qe3 Kb8 21.
Qxg5 f6 22. Qxg7 Rhg8 23. Qf7 Rgf8 24. Qh7 f5 25. Rad1 Kc8 26. h6 Rh8 27. Qf7
Nb6 28. Qh5 Nxa4 29. Ra1 b5 30. b3 Nb6 31. Ra6 Kb8 32. Rea1 Nc8 33. Ne2 Qxe5 34.
h7 Re7 35. Qf3 Rexh7 0-1

[Event "Titled Tue 17th Jun Late"]
[Site "chess.com INT"]
[Date "2025.06.17"]
[Round "7"]
[White "Demirtas, Alper"]
[Black "Uzuner, Tufan Can"]
[Result "1-0"]
[WhiteTitle "CM"]
[BlackTitle "CM"]
[WhiteElo "2205"]
[BlackElo "1909"]
[WhiteFideId "44576781"]
[BlackFideId "6300499"]
[EventDate "2025.06.17"]

1. Nf3 d5 2. d4 Nf6 3. c3 Bf5 4. Qb3 Qc8 5. c4 e6 6. Nc3 c6 7. g3 Be7 8. Bg2 O-O
9. O-O Nbd7 10. Bf4 h6 11. Rac1 Ne4 12. cxd5 Nxc3 13. bxc3 exd5 14. c4 dxc4 15.
Qxc4 Nb6 16. Qb3 Qe6 17. Ne5 Qxb3 18. axb3 Rfd8 19. Rfd1 Be6 20. Nc4 Nd5 21. Bd2
Nb6 22. Ba5 Bxc4 23. bxc4 Re8 24. c5 Nd5 25. Bxd5 cxd5 26. Rb1 Rab8 27. Bc7 Rbc8
28. Rxb7 Bf6 29. Bf4 Rxe2 30. Rxa7 Rc2 31. Rd7 Rd8 32. Rxd8+ Bxd8 33. Be5 Ba5
34. Ra1 Bc3 35. Ra8+ Kh7 36. Rd8 Be1 37. Rxd5 Bxf2+ 38. Kf1 Be3 39. Rd7 Kg6 40.
h4 f6 41. Bf4 1-0

[Event "Titled Tue 17th Jun Late"]
[Site "chess.com INT"]
[Date "2025.06.17"]
[Round "7"]
[White "Haddouche, Mohamed"]
[Black "Bukreev, Stanislav"]
[Result "0-1"]
[WhiteTitle "GM"]
[BlackTitle "FM"]
[WhiteElo "2490"]
[BlackElo "2305"]
[WhiteFideId "7900660"]
[BlackFideId "34252347"]
[EventDate "2025.06.17"]

1. e4 e6 2. d3 d5 3. Qe2 Be7 4. Nf3 Nf6 5. g3 c5 6. Bg2 Nc6 7. O-O Qc7 8. Re1 b6
9. e5 Nd7 10. c4 d4 11. Bf4 h6 12. h4 Bb7 13. Nbd2 O-O 14. Nf1 a6 15. N1h2 Rfe8
16. Ng4 Bf8 17. Qd2 Kh7 18. h5 b5 19. b3 Rab8 20. Rac1 Na5 21. Nf6+ gxf6 22.
exf6 e5 23. Nxe5 Nxe5 24. Rxe5 Rxe5 25. Bxe5 Qxe5 26. Qxa5 Bxg2 27. Kxg2 Qxf6
28. Re1 bxc4 29. Qc7 Bd6 30. Qc6 cxd3 31. Qe4+ Kg7 32. Qxd3 Qg5 33. Re4 Qd5 34.
Qf3 Qb7 35. Kh2 Qd7 36. Rg4+ Kh7 37. Re4 Re8 38. Rxe8 Qxe8 39. Qf5+ Kg7 40. Qg4+
Kh8 41. Qf3 Qe6 0-1

[Event "Titled Tue 17th Jun Late"]
[Site "chess.com INT"]
[Date "2025.06.17"]
[Round "7"]
[White "Tao, Sihan"]
[Black "Toktomushev, Teimur"]
[Result "0-1"]
[WhiteTitle "FM"]
[BlackTitle "FM"]
[WhiteElo "2202"]
[BlackElo "2390"]
[WhiteFideId "30982677"]
[BlackFideId "14176726"]
[EventDate "2025.06.17"]

1. d4 d5 2. c4 e6 3. Nf3 Nf6 4. g3 Be7 5. Bg2 O-O 6. O-O c6 7. Qc2 b6 8. b3 Ba6
9. Bb2 Nbd7 10. Nbd2 c5 11. Rfd1 Rc8 12. dxc5 Bxc5 13. Rac1 dxc4 14. bxc4 Qe7
15. Nb3 h6 16. Nxc5 Nxc5 17. Ne5 Bb7 18. f3 Rfd8 19. Ba3 Rxd1+ 20. Rxd1 Rd8 21.
Rxd8+ Qxd8 22. Nd3 Nfd7 23. Qd2 Ne5 24. Bxc5 bxc5 25. f4 Qd4+ 26. e3 Qa1+ 27.
Qc1 Qxa2 28. Qb2 Qxb2 29. Nxb2 Bxg2 30. fxe5 Be4 31. Kf2 g5 32. Ke2 Kg7 33. Na4
Bc6 34. Nxc5 Kg6 35. Kd3 Kf5 36. Kd4 Kg4 37. Na6 Kh3 38. Kc5 Bb7 39. Nc7 Kxh2 0-1

[Event "Titled Tue 17th Jun Late"]
[Site "chess.com INT"]
[Date "2025.06.17"]
[Round "7"]
[White "Zuferi, Enis"]
[Black "Hariharan, Shambavi"]
[Result "1-0"]
[WhiteTitle "FM"]
[BlackTitle "WCM"]
[WhiteElo "2339"]
[BlackElo "1936"]
[WhiteFideId "24692530"]
[BlackFideId "488160"]
[EventDate "2025.06.17"]

1. d4 d5 2. c4 e6 3. Nc3 Nf6 4. cxd5 exd5 5. Bg5 Bb4 6. e3 h6 7. Bh4 Nbd7 8. Bd3
c5 9. a3 Bxc3+ 10. bxc3 Qa5 11. Ne2 c4 12. Bc2 O-O 13. f3 Re8 14. Bf2 Nb6 15.
O-O Bd7 16. a4 Bc6 17. g4 Nbd7 18. h4 Qc7 19. Bg3 Qd8 20. Qd2 Qe7 21. Bf2 Qd6
22. Ng3 Nf8 23. Kg2 Bd7 24. Rh1 N6h7 25. Rag1 a6 26. Nf5 Qc7 27. e4 dxe4 28.
fxe4 Nf6 29. Kf3 N6h7 30. g5 h5 31. Qf4 Qc6 32. d5 Qg6 33. Bd4 a5 34. Nxg7 Re7
35. Nf5 Bxf5 36. exf5 Qa6 37. g6 fxg6 38. fxg6 1-0

[Event "Titled Tue 17th Jun Late"]
[Site "chess.com INT"]
[Date "2025.06.17"]
[Round "7"]
[White "Salem, A.R. Saleh"]
[Black "Rustamov, Rustam"]
[Result "0-1"]
[WhiteTitle "GM"]
[BlackTitle "FM"]
[WhiteElo "2627"]
[BlackElo "2334"]
[WhiteFideId "9301348"]
[BlackFideId "13440110"]
[EventDate "2025.06.17"]

1. d4 Nf6 2. c4 e6 3. Nc3 d5 4. cxd5 exd5 5. Bg5 Bb4 6. e3 h6 7. Bh4 g5 8. Bg3
Ne4 9. a3 Bxc3+ 10. bxc3 h5 11. f3 Nxg3 12. hxg3 Qe7 13. Bd3 Be6 14. g4 h4 15.
Nh3 Nd7 16. O-O O-O-O 17. a4 Rdf8 18. Qc2 Nf6 19. a5 Kb8 20. Rab1 Qd6 21. Qb2 b6
22. Qb4 Qg3 23. Qe7 Bxg4 24. axb6 axb6 25. Qxf6 Bxh3 26. Rf2 Be6 27. Ra2 h3 28.
Rba1 hxg2 29. Rxg2 Qh4 30. Ra6 Qe1+ 31. Bf1 Rh1+ 32. Kxh1 Qxf1+ 33. Kh2 Qxa6 34.
e4 Qf1 35. Kg3 dxe4 36. Rf2 Qg1+ 37. Rg2 Qe3 38. Rf2 g4 39. Qe7 Rc8 40. Qa3 gxf3 0-1

[Event "Titled Tue 17th Jun Late"]
[Site "chess.com INT"]
[Date "2025.06.17"]
[Round "7"]
[White "Damaraju, Ashwin"]
[Black "Kanakaris, Georgios"]
[Result "0-1"]
[BlackTitle "IM"]
[WhiteElo "2084"]
[BlackElo "2396"]
[WhiteFideId "39908348"]
[BlackFideId "4209460"]
[EventDate "2025.06.17"]

1. e4 e6 2. d4 d5 3. Bd3 c5 4. exd5 exd5 5. c3 Nc6 6. Nf3 c4 7. Bc2 Bg4 8. h3
Bh5 9. Qe2+ Be7 10. Nbd2 Nf6 11. Nf1 O-O 12. Ng3 Bg6 13. Bxg6 hxg6 14. Be3 Re8
15. Ng5 Bd6 16. Qf3 Qb6 17. Rb1 Qa5 18. a3 Nxd4 19. Qd1 Rxe3+ 20. fxe3 Bxg3+ 21.
Kf1 Nf5 22. Qf3 Qc5 23. Ke2 Re8 24. Kd2 Rxe3 25. Qf1 Rd3+ 26. Kc1 Qe3+ 27. Kc2
Qxg5 28. Re1 Bxe1 29. Qxe1 Qe3 30. Qf1 Rd2+ 31. Kb1 Qd3+ 32. Qxd3 cxd3 33. Kc1
Re2 34. g4 Ne3 35. g5 Ne4 36. Kb1 d2 37. Ka2 d1=Q 38. Rxd1 Nxd1 39. c4 Rxb2+ 40.
Ka1 Nec3 0-1

[Event "Titled Tue 17th Jun Late"]
[Site "chess.com INT"]
[Date "2025.06.17"]
[Round "7"]
[White "Daspres, Loic"]
[Black "Ferraz, Michel Liah"]
[Result "1-0"]
[WhiteTitle "CM"]
[WhiteElo "2207"]
[BlackElo "2007"]
[WhiteFideId "20612281"]
[BlackFideId "22743219"]
[EventDate "2025.06.17"]

1. e4 e5 2. Nf3 Nc6 3. d4 exd4 4. Nxd4 Bc5 5. Nb3 Bb6 6. Nc3 Nf6 7. Bg5 O-O 8.
Be2 h6 9. Bh4 Re8 10. O-O g5 11. Bg3 Nxe4 12. Nxe4 Rxe4 13. a4 a5 14. Bd3 Re8
15. Qh5 Qf6 16. h4 d5 17. hxg5 Qxg5 18. Qh2 Bf5 19. Bxf5 Qxf5 20. Bxc7 Bxc7 21.
Qxc7 Re7 22. Qg3+ Kh8 23. Rac1 Rg8 24. Qh2 Re6 25. c3 Qf3 26. Nd2 Qd3 27. Rfd1
Reg6 28. g3 Ne5 29. Nf1 Nf3+ 30. Kg2 Qxd1 31. Rxd1 Nxh2 32. Nxh2 Rb6 33. Rd2 Rd8
34. Nf3 Kg7 35. Nd4 Kf6 36. Kf3 Re8 37. Kg4 Re4+ 38. Kf3 Ke5 39. Kg2 f5 40. Nb5
Rxa4 41. Nc7 Rd6 42. Re2+ Kf6 43. Ne8+ Kf7 44. Nxd6+ Kg6 45. Nxb7 d4 46. Nc5 Rc4
47. cxd4 Rxd4 48. Ne6 Rb4 49. Nf4+ Kg5 50. Re6 Rxf4 51. gxf4+ Kxf4 52. Rxh6 a4
53. Ra6 a3 54. Rxa3 Kg4 55. f3+ Kh4 56. Ra4+ f4 57. Rxf4+ Kg5 58. Rg4+ Kh5 59.
b4 Kh6 60. b5 Kh5 61. Kg1 Kh6 62. Kf1 Kh7 63. Ke1 Kh8 64. Kd1 1-0

[Event "Titled Tue 17th Jun Late"]
[Site "chess.com INT"]
[Date "2025.06.17"]
[Round "7"]
[White "Vinolas Anglada, Laura"]
[Black "Jiganchine, Roman"]
[Result "1-0"]
[WhiteTitle "WCM"]
[BlackTitle "CM"]
[WhiteElo "2059"]
[BlackElo "2205"]
[WhiteFideId "24517925"]
[BlackFideId "2603667"]
[EventDate "2025.06.17"]

1. e4 e5 2. Nf3 Nc6 3. Bc4 Nf6 4. d4 exd4 5. e5 d5 6. Bb5 Ne4 7. Nxd4 Bd7 8.
Bxc6 bxc6 9. O-O Bc5 10. f3 Ng5 11. Be3 Qe7 12. f4 Ne4 13. Nd2 Nxd2 14. Qxd2 Bb6
15. Nb3 O-O 16. Qc3 Rfe8 17. Bc5 Qh4 18. g3 Qh5 19. Rae1 Re6 20. a4 Rh6 21. Rf2
a5 22. Nd4 Re8 23. f5 Qg4 24. e6 fxe6 25. fxe6 Bxe6 26. Rfe2 Qh3 27. Bxb6 cxb6
28. Qxc6 Kf7 29. Nxe6 Rexe6 30. Qd7+ Kf8 31. Qd8+ Kf7 32. Qxd5 Rf6 33. Rxe6 Rxe6
34. Qxe6+ Qxe6 35. Rxe6 Kxe6 36. Kf2 Ke5 37. Ke3 g5 38. g4 Kd5 39. Kd3 Ke5 40.
Ke3 Kd5 41. b3 Ke5 42. c3 Kd5 43. b4 b5 44. axb5 a4 45. Kd3 a3 46. Kc2 Kc4 47.
b6 a2 48. Kb2 1-0

[Event "Titled Tue 17th Jun Late"]
[Site "chess.com INT"]
[Date "2025.06.17"]
[Round "7"]
[White "Fadi, Marko"]
[Black "Zilberstein, Dmitry"]
[Result "0-1"]
[WhiteTitle "FM"]
[BlackTitle "IM"]
[WhiteElo "2298"]
[BlackElo "2358"]
[WhiteFideId "10605371"]
[BlackFideId "2010739"]
[EventDate "2025.06.17"]

1. d4 d6 2. Nf3 Nf6 3. Bf4 c5 4. c3 Qb6 5. Qc1 g6 6. e3 Bg7 7. h3 O-O 8. Nbd2
cxd4 9. exd4 e5 10. dxe5 dxe5 11. Nxe5 Nh5 12. Ndc4 Qc5 13. Be3 Qe7 14. Nf3 b5
15. Ncd2 f5 16. Be2 f4 17. Bd4 Re8 18. Qd1 Bf5 19. Bxg7 Nxg7 20. Nb3 Nc6 21. Kf1
Rad8 22. Nbd4 b4 23. Qb3+ Kh8 24. Re1 Nxd4 25. cxd4 Be6 26. Qa4 Qb7 27. Ba6 Qb6
28. Kg1 Bd5 29. Ne5 Qxd4 30. Nd3 Rxe1+ 31. Nxe1 Re8 32. Nf3 Bxf3 33. gxf3 Qe5
34. Kh2 h5 35. Rg1 Re6 0-1

[Event "Titled Tue 17th Jun Late"]
[Site "chess.com INT"]
[Date "2025.06.17"]
[Round "7"]
[White "Sinkar, Anagha Aniket"]
[Black "Todorovic, Bojan"]
[Result "1/2-1/2"]
[WhiteTitle "WCM"]
[BlackTitle "FM"]
[WhiteElo "1776"]
[BlackElo "2111"]
[WhiteFideId "30974780"]
[BlackFideId "917087"]
[EventDate "2025.06.17"]

1. e4 g6 2. d4 Bg7 3. Nc3 d6 4. Nf3 a6 5. Be3 Nd7 6. Bd3 b5 7. a3 Bb7 8. O-O c5
9. Qd2 cxd4 10. Nxd4 Ngf6 11. Bh6 O-O 12. Bxg7 Kxg7 13. Nce2 e5 14. Nf3 Nc5 15.
Ng3 Nfxe4 16. Bxe4 Nxe4 17. Nxe4 Bxe4 18. Ng5 Bf5 19. Rad1 d5 20. Nf3 Bg4 21.
Qxd5 Qxd5 22. Rxd5 Bxf3 23. gxf3 f6 24. Rd7+ Rf7 25. Rfd1 Rc8 26. c3 Rc7 27.
Rxc7 Rxc7 28. Rd6 a5 29. Ra6 a4 30. Rb6 Rc5 31. Kf1 g5 32. Ke2 Kg6 33. Ke3 h5
34. Ke4 g4 35. fxg4 hxg4 36. Rb7 f5+ 37. Ke3 Kf6 38. Rh7 Ke6 39. h3 gxh3 40.
Rxh3 Kd5 41. Kd3 e4+ 42. Kc2 Ke5 43. Kd2 Kf4 44. Rg3 Rd5+ 45. Kc2 Rd3 46. Rxd3
exd3+ 47. Kxd3 Kf3 48. c4 bxc4+ 49. Kxc4 Kxf2 50. b4 axb3 51. Kxb3 Ke3 52. a4 f4
53. a5 f3 54. a6 f2 55. a7 f1=Q 56. a8=Q Qb1+ 57. Kc4 Qc2+ 58. Kb5 Qb1+ 59. Ka6
Qa2+ 60. Kb7 Qxa8+ 61. Kxa8 1/2-1/2

[Event "Titled Tue 17th Jun Late"]
[Site "chess.com INT"]
[Date "2025.06.17"]
[Round "7"]
[White "El Jawich, Amro"]
[Black "Gattani, Sarthak"]
[Result "1-0"]
[WhiteTitle "FM"]
[WhiteElo "2307"]
[BlackElo "1944"]
[WhiteFideId "5300380"]
[BlackFideId "30995965"]
[EventDate "2025.06.17"]

1. g3 d5 2. Bg2 Nf6 3. Nf3 g6 4. c4 Bg7 5. cxd5 Nxd5 6. Nc3 c6 7. O-O O-O 8. Rb1
Nd7 9. Qc2 N7f6 10. d3 h6 11. a3 Kh7 12. Bd2 Be6 13. b4 a6 14. Rfd1 Qd7 15. Ne4
Bh3 16. Nc5 Qc8 17. Bxh3 Qxh3 18. Nxb7 Rac8 19. Rdc1 Ng4 20. Qd1 Bd4 21. e3
Ndxe3 22. fxe3 Nxe3 23. Bxe3 Bxe3+ 24. Kh1 Bxc1 25. Rxc1 Rc7 26. Nc5 Rd8 27. Qf1
Qf5 28. Nh4 Qd5+ 29. Qg2 a5 30. Rf1 Kg7 31. Qe4 axb4 32. axb4 Qxe4+ 33. dxe4 Rd4
34. Rb1 Ra7 35. Nf3 Rd8 36. Ne5 Rc7 37. Rf1 f6 38. Ne6+ Kh7 39. Nxc7 fxe5 40.
Ne6 Rd6 41. Rf7+ Kg8 42. Rxe7 Rd1+ 43. Kg2 Rd2+ 44. Kf3 Rd6 45. Nc5 Rf6+ 46. Ke3
Kf8 47. Re6 Rf1 48. Rxg6 Kf7 49. Rxh6 Rb1 50. Rxc6 Rxb4 51. Rc7+ Kg6 52. Nd3 Rb5
53. Rc5 Rb3 54. Rxe5 Rb1 55. Rf5 Rd1 56. Nf4+ Kh6 57. h4 Rd7 58. Rg5 Rf7 59. e5 1-0

[Event "Titled Tue 17th Jun Late"]
[Site "chess.com INT"]
[Date "2025.06.17"]
[Round "7"]
[White "Manon-og, Ramon Jr."]
[Black "Grabinsky, Vladimir"]
[Result "1-0"]
[BlackTitle "IM"]
[WhiteElo "1913"]
[BlackElo "2192"]
[WhiteFideId "5200776"]
[BlackFideId "14107074"]
[EventDate "2025.06.17"]

1. e4 c5 2. f4 d5 3. exd5 Nf6 4. Nf3 Nxd5 5. d3 g6 6. Be2 Bg7 7. O-O O-O 8. Na3
Nc6 9. Nc4 Qc7 10. c3 Nxf4 11. Ng5 Nxe2+ 12. Qxe2 b5 13. Ne3 b4 14. Nd5 Qd6 15.
Qf3 Bb7 16. Ne4 Qd8 17. Bf4 bxc3 18. bxc3 Nd4 19. cxd4 Bxd4+ 20. Kh1 Qxd5 21.
Rab1 f5 22. Rxb7 fxe4 23. Qxe4 Qxe4 24. dxe4 e5 25. g3 exf4 26. gxf4 Rab8 27.
Rxa7 c4 28. Rc7 Rbc8 29. Rd7 Be3 30. f5 c3 31. f6 c2 32. f7+ Kg7 33. Kg2 c1=Q
34. Rxc1 Rxc1 35. Rd3 Bg5 36. e5 Rxf7 37. e6 Re7 38. Rd5 Kf6 39. a4 Ra1 40. a5
Rxe6 41. Rd7 h5 42. Rd5 Ra6 43. h4 R1xa5 44. hxg5+ Ke6 45. Rd8 Rxg5+ 46. Kf3 Ra4
47. Re8+ Kf6 48. Rf8+ Kg7 49. Rb8 Rc5 50. Rb7+ Kh6 51. Rb3 Rcc4 52. Kg3 h4+ 53.
Kh3 Kh5 54. Rb5+ g5 55. Rb8 Rc3+ 56. Kg2 Ra2+ 57. Rb2 Rc1 58. Rxa2 Rc3 59. Ra8
Kg4 60. Ra4+ Kh5 61. Ra8 Rb3 62. Rh8+ Kg4 63. Ra8 Rb2+ 64. Kg1 Rb3 65. Ra4+ Kg3
66. Ra2 g4 67. Ra1 Kh3 68. Kh1 g3 69. Kg1 Rb2 70. Rc1 Kg4 71. Rc4+ Kf3 72. Rc3+ 1-0

[Event "Titled Tue 17th Jun Late"]
[Site "chess.com INT"]
[Date "2025.06.17"]
[Round "7"]
[White "Yilmaz, Mustafa"]
[Black "Jarmula, Lukasz"]
[Result "1-0"]
[WhiteTitle "GM"]
[BlackTitle "GM"]
[WhiteElo "2586"]
[BlackElo "2440"]
[WhiteFideId "6302718"]
[BlackFideId "1160664"]
[EventDate "2025.06.17"]

1. Nf3 Nf6 2. b3 d6 3. d4 g6 4. Bb2 Bg7 5. g3 O-O 6. Bg2 a5 7. Nc3 Bf5 8. Nh4
Bc8 9. O-O Nc6 10. d5 Nb4 11. a3 Na6 12. Nb5 Bd7 13. Nd4 Nc5 14. c4 e5 15. dxe6
fxe6 16. Qc2 e5 17. Nb5 Bc6 18. Rad1 Qe7 19. Nc3 Bxg2 20. Nxg2 c6 21. f3 Ne6 22.
e3 Kh8 23. Rf2 Ng5 24. Rff1 Rad8 25. e4 Nh5 26. Rd3 Ne6 27. Ne2 Nc5 28. Rdd1 Rf7
29. b4 axb4 30. axb4 Ne6 31. Rd3 Rdf8 32. h4 g5 33. g4 gxh4 34. gxh5 h3 35. Ne3
Rxf3 36. Rxf3 Rxf3 37. Ng4 Rf8 38. Rg3 Bf6 39. Rxh3 Rg8 40. Rg3 Bh4 41. Rg2 Ng5
42. Qd3 Qf7 43. Nh2 Nh3+ 44. Qxh3 Qf2+ 45. Kh1 Qe1+ 46. Ng1 1-0

[Event "Titled Tue 17th Jun Late"]
[Site "chess.com INT"]
[Date "2025.06.17"]
[Round "7"]
[White "Shermuhammadov, Samandar"]
[Black "Janaszak, Dawid"]
[Result "1-0"]
[WhiteTitle "FM"]
[BlackTitle "FM"]
[WhiteElo "2110"]
[BlackElo "2306"]
[WhiteFideId "14205602"]
[BlackFideId "1119206"]
[EventDate "2025.06.17"]

1. e4 d6 2. d4 Nf6 3. Nc3 e5 4. dxe5 dxe5 5. Qxd8+ Kxd8 6. Bc4 Ke8 7. f3 Bc5 8.
Ke2 c6 9. Be3 Nbd7 10. Rd1 b5 11. Bb3 a5 12. a4 b4 13. Nb1 Ba6+ 14. Kf2 Bxe3+
15. Kxe3 Nc5 16. Ne2 Ke7 17. Ng3 g6 18. Rd2 h5 19. h4 Rhd8 20. Rhd1 Rxd2 21.
Rxd2 Nxb3 22. cxb3 Nd7 23. Rc2 Kd6 24. Nd2 Nc5 25. Ne2 Rg8 26. f4 f6 27. g3 g5
28. hxg5 Bxe2 29. Kxe2 Ne6 30. Nc4+ Kc7 31. Rc1 exf4 32. gxf6 fxg3 33. Ne5 Nd4+
34. Ke3 Nxb3 35. Rxc6+ Kb7 36. f7 Rf8 37. Rg6 h4 38. Rg8 h3 39. Rxg3 Nc5 40.
Rxh3 Nxa4 41. Rh7 Nxb2 42. Ng6 Rxf7 43. Rxf7+ Kb6 44. Kd4 a4 45. Ne5 a3 46. Nc4+
Kb5 47. Nxb2 a2 48. Rf1 1-0

[Event "Titled Tue 17th Jun Late"]
[Site "chess.com INT"]
[Date "2025.06.17"]
[Round "7"]
[White "Rozman, Levy"]
[Black "Mitrabha, Guha"]
[Result "1-0"]
[WhiteTitle "IM"]
[BlackTitle "GM"]
[WhiteElo "2324"]
[BlackElo "2515"]
[WhiteFideId "2039877"]
[BlackFideId "5057000"]
[EventDate "2025.06.17"]

1. Na3 e6 2. d4 Ke7 3. c3 Ke8 4. Nc2 Ke7 5. e4 Ke8 6. Bd3 b6 7. f4 Bb7 8. Nf3 g6
9. g4 d6 10. h4 Nd7 11. h5 Bg7 12. Qe2 Qe7 13. a4 a6 14. Bd2 Ngf6 15. h6 Bf8 16.
g5 Nh5 17. Rxh5 gxh5 18. e5 c5 19. O-O-O d5 20. Qh2 c4 21. Be2 b5 22. Qxh5 bxa4
23. Nh4 Nb6 24. f5 Bc8 25. Bg4 a3 26. bxa3 Na4 27. Rf1 exf5 28. Nxf5 Qb7 29. Nb4
a5 30. Ng7+ Kd8 31. Bxc8 Rxc8 32. Rxf7 Be7 33. Ne6+ Kd7 34. Qg4 Ke8 35. g6 axb4
36. axb4 Nb6 37. Rxh7 Rg8 38. Qf5 Rf8 39. Nxf8 Ra8 40. Qf7+ Kd8 41. Ne6+ Kc8 42.
Qe8+ 1-0

[Event "Titled Tue 17th Jun Late"]
[Site "chess.com INT"]
[Date "2025.06.17"]
[Round "7"]
[White "Tang, Benjamin"]
[Black "Sohal, Tanraj"]
[Result "0-1"]
[WhiteTitle "FM"]
[BlackTitle "FM"]
[WhiteElo "2132"]
[BlackElo "2234"]
[WhiteFideId "30964342"]
[BlackFideId "2608499"]
[EventDate "2025.06.17"]

1. a3 Nf6 2. Nf3 g6 3. g3 Bg7 4. Bg2 O-O 5. O-O d6 6. d3 e5 7. e4 Ne8 8. c3 f5
9. Nbd2 h6 10. exf5 gxf5 11. Nh4 Nc6 12. Bd5+ Kh7 13. Qh5 Qg5 14. Qxg5 hxg5 15.
Nhf3 g4 16. Ng5+ Kg6 17. Ne6 Bxe6 18. Bxe6 Nf6 19. f4 Rae8 20. fxe5 Rxe6 21.
exf6 Bxf6 22. Nc4 Rfe8 23. d4 d5 24. Nd2 Re2 25. Nb3 Rc2 26. Rf2 Re1+ 27. Kg2
Ree2 28. Rxe2 Rxe2+ 29. Kg1 b6 30. Rb1 Bg5 31. Bxg5 Kxg5 32. Nc1 Rd2 33. b4 Rc2
34. b5 Na5 35. Nd3 Rxc3 36. Nf4 Rxa3 37. Re1 Rf3 38. Re6 Rxf4 39. gxf4+ Kxf4 40.
Re7 Nb3 41. Rxc7 Nxd4 42. Rxa7 Nxb5 43. Rb7 Nc3 44. Rxb6 d4 45. Kf2 d3 46. Ke1
Ne4 47. Rb2 Kf3 48. Rb3 Ke3 49. Ra3 f4 50. Rb3 g3 51. hxg3 fxg3 52. Kf1 Nd2+ 53.
Kg2 Nxb3 54. Kxg3 d2 55. Kg2 d1=Q 56. Kg3 Qd4 57. Kg2 Qf4 58. Kh3 Qg5 59. Kh2
Kf2 0-1

[Event "Titled Tue 17th Jun Late"]
[Site "chess.com INT"]
[Date "2025.06.17"]
[Round "7"]
[White "Becking, Stephan"]
[Black "Stemmler, Fabian"]
[Result "1-0"]
[WhiteTitle "IM"]
[BlackTitle "CM"]
[WhiteElo "2410"]
[BlackElo "2190"]
[WhiteFideId "4632478"]
[BlackFideId "12964808"]
[EventDate "2025.06.17"]

1. Nf3 Nf6 2. g3 g6 3. Bg2 Bg7 4. O-O O-O 5. d3 d6 6. Nc3 c5 7. e4 Nc6 8. Bd2
Bd7 9. h3 Rb8 10. Be3 e5 11. Qd2 b5 12. Bh6 b4 13. Ne2 a5 14. Bxg7 Kxg7 15. c3
a4 16. Rfe1 a3 17. b3 bxc3 18. Nxc3 Nd4 19. Kh2 Qc8 20. Nh4 Qa6 21. f4 Bb5 22.
Rad1 Qa5 23. Rc1 Nd7 24. f5 f6 25. fxg6 hxg6 26. Qe3 Qa6 27. Red1 Bc6 28. Ne2
Nxe2 29. Qxe2 Bb5 30. Qg4 g5 31. Nf5+ Kg6 32. Ne7+ Kf7 33. Nd5 Qb7 34. Rf1 Bc6
35. Qh5+ Ke6 36. Ne3 Rh8 37. Qg4+ Kf7 38. Nf5 Qc7 39. Rf2 Rbg8 40. Rcf1 Ke8 41.
Ne3 Kd8 42. Nc4 Kc8 43. Rxf6 Kb8 44. Rxd6 Rf8 45. Rxf8+ Rxf8 46. Qxg5 Rf2 47.
Qg6 Kb7 48. Rxc6 1-0